Najväčší na svete chce pomôcť malým

Na čom je založená filozofia Google. Budúcnosť internetu je v personalizácii. Google má nástroje na podnikanie a reklamu. Pre malé spoločnosti je internet vstupenkou do veľkého sveta. Najlepšie veci sú takmer vždy zadarmo. Ľudia, ktorí tvoria Google na Slovensku.

Saved in:
Bibliographic Details
Main Author: Žitňanský, Eduard
Other Authors: Žuffa, Radovan
Format: Book Chapter
Language:Slovak
Subjects:
Tags: Add Tag
No Tags, Be the first to tag this record!

MARC

LEADER 00000naa a2200000 4500
001 0136605
005 20231113071234.0
041 0 |a slo 
044 |a SK 
245 1 0 |a Najväčší na svete chce pomôcť malým  |c Eduard Žitňanský, Radovan Žuffa 
520 |a Na čom je založená filozofia Google. Budúcnosť internetu je v personalizácii. Google má nástroje na podnikanie a reklamu. Pre malé spoločnosti je internet vstupenkou do veľkého sveta. Najlepšie veci sú takmer vždy zadarmo. Ľudia, ktorí tvoria Google na Slovensku. 
610 2 0 |a internet 
610 2 0 |a počítače 
610 2 0 |a firmy 
610 2 0 |a podnikanie 
100 1 |a Žitňanský, Eduard 
700 1 |a Žuffa, Radovan